Central Library OPAC University of Rajshahi

Referring / (Record no. 30028)

MARC details
000 -LEADER
fixed length control field 00720atm a2200241 a 4500
001 - CONTROL NUMBER
control field 30028
003 - CONTROL NUMBER IDENTIFIER
rucl marc code BD-RjUL
005 - DATE AND TIME OF LATEST TRANSACTION
control field 20211209051511.0
008 - FIXED-LENGTH DATA ELEMENTS--GENERAL INFORMATION
fixed length control field 140408s1973 uik b 000 0 eng u
020 ## - INTERNATIONAL STANDARD BOOK NUMBER
International Standard Book Number 0710036361
035 ## - SYSTEM CONTROL NUMBER
System control number (BD-RjUL)30113
040 ## - CATALOGING SOURCE
Original cataloging agency BD-RjUL
Language of cataloging eng
Transcribing agency BD-RjUL
Modifying agency BD-RjUL
041 ## - LANGUAGE CODE
Language code of text/sound track or separate title eng
082 ## - DEWEY DECIMAL CLASSIFICATION NUMBER
Classification number 149.94
Author mark and year LIR 1973
100 1# - MAIN ENTRY--PERSONAL NAME
Personal name Linsky, Leonard.
9 (RLIN) 91339
245 10 - TITLE STATEMENT
Title Referring /
Statement of responsibility, etc. Leonard Linsky.
260 ## - PUBLICATION, DISTRIBUTION, ETC. (IMPRINT)
Place of publication, distribution, etc. London :
Name of publisher, distributor, etc. Routledge & Kegan Paul,
Date of publication, distribution, etc. 1973
300 ## - PHYSICAL DESCRIPTION
Pagination xviii, 139 p. :
Illustrations 22 cm.
504 ## - BIBLIOGRAPHY, ETC. NOTE
Bibliography, etc Bibliography p.132-134.
650 #0 - SUBJECT ADDED ENTRY--TOPICAL TERM
Topical term or geographic name as entry element Language and languages
General subdivision Philosophy
9 (RLIN) 91340
830 #0 - SERIES ADDED ENTRY--UNIFORM TITLE
Uniform title International library of philosophy and scientific method
942 ## - ADDED ENTRY ELEMENTS (KOHA)
Source of classification or shelving scheme Dewey Decimal Classification
Koha item type Books
Holdings
Lost status Source of classification or shelving scheme Damaged status Not for loan Collection code Permanent Location Current Location Shelving location Date acquired Source of acquisition Cost, normal purchase price Total Checkouts Full call number Date last seen Copy number Koha item type
  Dewey Decimal Classification     Non-fiction Central Library, University of Rajshahi Central Library, University of Rajshahi   17/06/1975 Gonathen 2.00   149.94 LIR 1973 08/04/2014 C-2 Books
  Dewey Decimal Classification   Not For Loan Non-fiction Central Library, University of Rajshahi Central Library, University of Rajshahi Reading Room 17/06/1975 Jonathan Wren & Co. 2.00   149.94 LIR 1973 03/12/2016 C-1 Books